| Registos Bibliográficos associados ao registo de autoridade |
|
Etiqueta de registo: 00254nam 2200025 450 001 2285422 003 http://id.bnportugal.gov.pt/bib/catbnp/2285422 100 ## $a20260428d2003 m y0pory01030103ba 101 0# $aporeng 102 ## $aPT 105 ## $aa b 000yy 106 ## $ar 200 1# $a8º Festival BD de Lisboa$e4 a 13 dezembro de 1989$fClube Português de Banda Desenhada$gtextos de Rui Brito e Renato Abreu 210 #9 $aLisboa$cClube Português de Banda Desenhada,$d1989 215 ## $a26 p.$cil.$d29 cm 300 ## $aFestival de BD a ter lugar no Espaço Poligrupo - Rádio Renascença (Chiado) 317 ## $aColeção Leandro de Moraes Sarmento$5PTBN: L.M.S. 881 517 1# $aVIII Festival de Banda Desenhada de Lisboa 532 11 $aOitavo Festival de Banda Desenhada de Lisboa 606 ## $aBanda desenhada portuguesa$zSéc. 20$xExposições$j[Catálogos]$2SIPOR$31997115 675 ## $a741.079(469.411)(083.82)$vBN$zpor$31363557 675 ## $a061.4$vBN$zpor$3288771 702 #1 $aBrito,$bRui,$f1932-2010$4340$3113157 702 #1 $91$aAbreu,$bRenato$4340$3196688 710 12 $aFestival de Banda Desenhada,$d8,$eLisboa,$f1989$31997160 712 02 $aClube Português de Banda Desenhada$4400$31039149 801 #0 $aPT$bBN$gRPC 966 ## $lBN$mFGMON$pBiblioteca particular Leandro de Moraes Sarmento$sL.M.S. 881 $x3
|
|
|